000 00284nam a22000977a 4500
008 230706b |||||||| |||| 00| 0 eng d
020 _a9789386313768
100 _aSTILTON GERONIMO
_97367
245 _aTHEA STILTON AND THE FROZEN FIASCO
260 _aNEW DELHI
_bPOLYKAM OFFEST NARAINA
_c2023
999 _c12341
_d12341